Forestry in a global context

Bibliographic Details
Main Author: Sands, Roger
Format: Book
Published: Wallingford : CABI Publishing , 2005
Subjects:

MARC

LEADER 00000cam a2200000 7i4500
001 0000003865
005 20110802.0
020 0 0 |a 0851990894 
090 0 0 |a 634.9   |b ROG 2005 
100 0 1 |a Sands, Roger 
245 1 0 |a Forestry in a global context   |c Roger Sands 
260 0 0 |a Wallingford :   |b CABI Publishing ,   |c 2005 
300 |a xi, 262 p. :   |b ill. ;   |c 24cm. 
500 0 0 |a Includes bibliographical references and index 
650 0 0 |a Forests and forestry 
998 |a JPSM 
999 |a 007451   |b Monograph   |c Open Shelf   |e Default branch